000 00700nam a2200253Ia 4500
003 OSt
005 20220918193309.0
006 a|||||r|||| 00| 0
007 ta
008 220917b |||||||| |||| 00| 0 eng d
024 _a72,518
037 _cTextual
040 _aARTS
_cARTS
_beng
041 _2eng
_aeng
082 _aR492, N2
100 _aMiller Richard W
_919486
245 0 _aMoral differences
_b truth, justice and conscience in a world of conflict
260 _aNew Jersey
_bPrinceton Univ Press
_c1992
300 _aix,396p.
_ccm.
500 _aIncludes index
650 _aETHICS
942 _hR492, N2
_cTEXL
_2CC
999 _c198506
_d198506